MARC details
| 000 -LEADER |
| fixed length control field |
01790cam a2200457 i 4500 |
| 001 - CONTROL NUMBER |
| control field |
on1394061394 |
| 003 - CONTROL NUMBER IDENTIFIER |
| control field |
OCoLC |
| 005 - DATE AND TIME OF LATEST TRANSACTION |
| control field |
20240827131337.0 |
| 008 - FIXED-LENGTH DATA ELEMENTS--GENERAL INFORMATION |
| fixed length control field |
230819t20242024nyua j 000 1 eng d |
| 010 ## - LIBRARY OF CONGRESS CONTROL NUMBER |
| LC control number |
2023941966 |
| 020 ## - INTERNATIONAL STANDARD BOOK NUMBER |
| International Standard Book Number |
9781636550947 |
| Qualifying information |
(hardback) |
| 020 ## - INTERNATIONAL STANDARD BOOK NUMBER |
| International Standard Book Number |
1636550940 |
| Qualifying information |
(hardback) |
| 035 ## - SYSTEM CONTROL NUMBER |
| System control number |
(OCoLC)1394061394 |
| 040 ## - CATALOGING SOURCE |
| Original cataloging agency |
YDX |
| Language of cataloging |
eng |
| Description conventions |
rda |
| Transcribing agency |
YDX |
| Modifying agency |
BDX |
| -- |
OCLCO |
| -- |
TOH |
| -- |
WIQ |
| -- |
VP@ |
| -- |
VRP |
| -- |
MDB |
| -- |
OCLCO |
| -- |
ILC |
| -- |
IH9 |
| -- |
IUK |
| -- |
FLW |
| -- |
JQW |
| -- |
Z#6 |
| -- |
DAC |
| -- |
CHILD |
| 050 14 - LIBRARY OF CONGRESS CALL NUMBER |
| Classification number |
PZ7.P22115 |
| Item number |
My 2024 |
| 082 04 - DEWEY DECIMAL CLASSIFICATION NUMBER |
| Classification number |
[E] |
| Edition number |
23/eng/20240424 |
| 092 ## - LOCALLY ASSIGNED DEWEY CALL NUMBER (OCLC) |
| Classification number |
children picture book |
| Item number |
Park |
| 100 1# - MAIN ENTRY--PERSONAL NAME |
| Personal name |
Park, Linda Sue, |
| Relator term |
author. |
| 9 (RLIN) |
47648 |
| 245 10 - TITLE STATEMENT |
| Title |
My book and me / |
| Statement of responsibility, etc |
Linda Sue Park ; Chris Raschka. |
| 250 ## - EDITION STATEMENT |
| Edition statement |
First edition. |
| 264 #1 - Production, Publication, Distribution, Manufacture, and Copyright Notice. |
| Place of production, publication, distribution, manufacture |
Brooklyn : |
| Name of producer, publisher, distributor, manufacturer |
Red Comet Press, |
| Date of production, publication, distribution, manufacture, or copyr |
2024. |
| 264 #4 - Production, Publication, Distribution, Manufacture, and Copyright Notice. |
| Date of production, publication, distribution, manufacture, or copyr |
©2024 |
| 300 ## - PHYSICAL DESCRIPTION |
| Extent |
1 volume (unpaged) : |
| Other physical details |
color illustrations ; |
| Dimensions |
28 cm |
| 336 ## - Content Type |
| Content type term |
text |
| 336 ## - Content Type |
| Content type term |
still image |
| 337 ## - Media type |
| Media type term |
unmediated |
| 338 ## - Carrier type |
| Carrier type term |
volume |
| 520 ## - SUMMARY, ETC. |
| Summary, etc |
A celebration of the joy that books and reading bring to children, anywhere, anytime. |
| 650 #0 - SUBJECT ADDED ENTRY--TOPICAL TERM |
| Topical term or geographic name as entry element |
Books and reading |
| Form subdivision |
Juvenile fiction. |
| 9 (RLIN) |
5684814 |
| 650 #1 - SUBJECT ADDED ENTRY--TOPICAL TERM |
| Topical term or geographic name as entry element |
Books and reading |
| Form subdivision |
Fiction. |
| 9 (RLIN) |
5684815 |
| 650 #6 - SUBJECT ADDED ENTRY--TOPICAL TERM |
| Topical term or geographic name as entry element |
Livres et lecture |
| Form subdivision |
Romans, nouvelles, etc. pour la jeunesse. |
| 9 (RLIN) |
6492738 |
| 650 #7 - SUBJECT ADDED ENTRY--TOPICAL TERM |
| Topical term or geographic name as entry element |
JUVENILE FICTION / General. |
| Source of heading or term |
bisacsh |
| 9 (RLIN) |
5674981 |
| 650 #7 - SUBJECT ADDED ENTRY--TOPICAL TERM |
| Topical term or geographic name as entry element |
Books |
| Form subdivision |
Juvenile fiction. |
| Source of heading or term |
sears |
| 9 (RLIN) |
5707116 |
| 650 #7 - SUBJECT ADDED ENTRY--TOPICAL TERM |
| Topical term or geographic name as entry element |
Books and reading |
| Form subdivision |
Juvenile fiction. |
| Source of heading or term |
sears |
| 9 (RLIN) |
5684814 |
| 650 #7 - SUBJECT ADDED ENTRY--TOPICAL TERM |
| Topical term or geographic name as entry element |
Books |
| Form subdivision |
Fiction. |
| Source of heading or term |
sears |
| 9 (RLIN) |
5686781 |
| 650 #7 - SUBJECT ADDED ENTRY--TOPICAL TERM |
| Topical term or geographic name as entry element |
Books and reading |
| Form subdivision |
Fiction. |
| Source of heading or term |
sears |
| 9 (RLIN) |
5684815 |
| 655 #7 - INDEX TERM--GENRE/FORM |
| Genre/form data or focus term |
Picture books. |
| Source of term |
lcgft |
| 700 1# - ADDED ENTRY--PERSONAL NAME |
| Personal name |
Raschka, Christopher, |
| Relator term |
illustrator. |
| 9 (RLIN) |
34316 |
| 710 2# - ADDED ENTRY--CORPORATE NAME |
| Corporate name or jurisdiction name as entry element |
Red Comet Press, |
| Relator term |
publisher. |
| 9 (RLIN) |
6492739 |
| 942 ## - ADDED ENTRY ELEMENTS (KOHA) |
| Source of classification or shelving scheme |
Dewey Decimal Classification |
| Koha item type |
BOOK |